| 000 | 00508nam a2200169 4500 | ||
|---|---|---|---|
| 999 |
_c162441 _d162441 |
||
| 005 | 20190313151619.0 | ||
| 010 | _aENG-124880 | ||
| 020 |
_a9789380200774 _c599.00 |
||
| 035 | _aEN-108412 | ||
| 037 | _bDBAD/PUB | ||
| 082 | _a332.024 | ||
| 245 |
_a200money mantras: _bfor financial success/ |
||
| 260 |
_aNew Delhi _bTV 18 Broadcast Ltd, _c2013 |
||
| 270 |
_a507, Prabhat Kiran , 17, Rajendra Place, _bNew Delhi _e110008 |
||
| 300 |
_a289p. _c21cm(pbk) |
||
| 942 |
_2ddc _cEN _h332.024 _mTWO |
||